[Event "Tourn. n9938"]
[Site "www.echecsemail.com"]
[Date "2018.10.08"]
[Round "1"]
[White "Scasan55"]
[Black "Francesco"]
[WhiteElo "1860"]
[BlackElo "1890"]
[Result "1-0"]
[Round "1"]
1.e4 c6
2.d4 d5
3.e5 Bc8f5
4.Bf1d3 Bf5xd3
5.Qd1xd3 e6
6.Ng1f3 Nb8d7
7.O-O c5
8.c3 c4
9.Qd3c2 Ng8e7
10.Bc1g5 Qd8c7
11.b4 cxb3
12.axb3 Ne7c6
13.Nb1d2 Bf8e7
14.Bg5xe7 Nc6xe7
15.Ra1a2 O-O
16.Nf3g5 Ne7g6
17.h4 h6
18.h5 hxg5
19.hxg6 fxg6
20.Rf1c1 Rf8f7
21.Qc2xg6 Ra8f8
22.Qg6xe6 Kh8
23.f3 Nd7b6
24.Kf2 Rf7e7
25.Rc1h1 { resign }
1-0

[Event "Match"]
[Site "www.echecsemail.com"]
[Date "2018.10.08"]
[Round "1"]
[White "Bjonil60"]
[Black "J1j6"]
[WhiteElo "1470"]
[BlackElo "1990"]
[Result "1-0"]
[Round "1"]
1.d4 Ng8f6
2.Ng1f3 d5
3.e3 e6
4.Qd1e2 a6
5.b3 Nf6e4
6.Nf3d2 Ne4xd2
7.Qe2xd2 Nb8c6
8.Nb1c3 Bc8d7
9.g3 Bf8d6
10.a3 b5
11.b4 Qd8f6
12.f4 Nc6e7
13.Bf1g2 O-O
14.h3 Ne7g6
15.Kf2  { time }
1-0

[Event "Tourn. n9832"]
[Site "www.echecsemail.com"]
[Date "2018.10.08"]
[Round "1"]
[White "Hundegana"]
[Black "Ditto"]
[WhiteElo "2060"]
[BlackElo "1820"]
[Result "1-0"]
[Round "1"]
1.e4 e5
2.c4 Nb8c6
3.Ng1f3 Bf8c5
4.Nf3xe5 Qd8f6
5.Ne5f3 Ng8e7
6.a4 d6
7.h3 Nc6d4
8.Nf3xd4 Bc5xd4
9.Qd1f3 Bd4xb2
10.Bc1xb2 Qf6xb2
11.Qf3a3 Qb2e5
12.Nb1c3 O-O
13.Bf1e2 Ne7g6
14.Nc3d5 Qe5xe4
15.Rh1g1 c6
16.Nd5c3 Qe4e5
17.Ra1d1 Bc8e6
18.Kf1 Ng6f4
19.d4 Qe5f6
20.Qa3xd6 Ra8d8
21.Qd6e5 Nf4xe2
22.Nc3xe2 Be6xc4
23.Qe5xf6 gxf6
24.f3 Rf8e8
25.Rd1d2 Bc4d5
26.Kf2 Bd5c4
27.Ne2f4 a5
28.Rg1e1 Re8f8
29.Nf4h5 Rd8d6
30.Re1e7 b6
31.Ke3 f5
32.g4 fxg4
33.hxg4 Bc4e6
34.Re7b7 Be6b3
35.Rb7xb6 Rf8e8
36.Kf4 Bb3xa4
37.Kf5 h6
38.Nh5f6 Kf8
39.Nf6xe8 Kxe8
40.Rd2e2 Kf8
41.Re2d2 Kg7
42.d5 Rd6f6
43.Ke5 Rf6xf3
44.dxc6 Rf3e3
45.Kd6 Re3e6
46.Kc5 Re6e5
47.Kd6 Re5e6
48.Kd7 Kf8
49.Rb6b8 Kg7
50.Rd2d4 Ba4xc6
51.Kc7 a4
52.Rd4d6 Bc6d5
53.Rd6xd5 a3
54.Rb8a8 Re6e3
55.Kc6 Re3c3
56.Kb5 Rc3b3
57.Kc4 Rb3g3
58.Rd5d4 Kg6
59.Ra8a6 f6
60.Kb4 Kg5
61.Ra6xa3 Rg3g1
62.Ra3a5 Kg6
63.Kc5 Rg1c1
64.Kd6 Rc1e1
65.Rd4f4 Re1d1
66.Ke7 Rd1e1
67.Kf8 Re1c1
68.Rf4e4 Rc1c8
69.Re4e8 Rc8c4
70.Ke7 Rc4e4
71.Kf8 Re4xg4
72.Re8e7 h5
73.Re7g7 Kh6
74.Rg7xg4 hxg4
75.Kf7 g3
76.Kxf6 g2
77.Ra5g5 { resign }
1-0

[Event "Match"]
[Site "www.echecsemail.com"]
[Date "2018.10.08"]
[Round "1"]
[White "J1j6"]
[Black "Karlgrocer"]
[WhiteElo "1890"]
[BlackElo "1910"]
[Result "0-1"]
[Round "1"]
1.e4 d6
2.d4 Ng8f6
3.Nb1c3 e6
4.Ng1f3 Bf8e7
5.Bf1d3 O-O
6.Bc1d2 b6
7.Qd1e2 Bc8b7
8.O-O-O Nb8c6
9.h3 a6
10.e5 dxe5
11.dxe5 Nf6d5
12.Nc3xd5 exd5
13.Bd2f4 Qd8c8
14.c3 Nc6a5
15.Qe2c2 g6
16.b4 Na5c6
17.a3 b5
18.Rh1e1 a5
19.Bd3xb5 axb4
20.Bb5xc6 Bb7xc6
21.cxb4 Bc6a4
22.Qc2d3 Ba4xd1
23.Re1xd1 Rf8d8
 { time }
0-1

[Event "Match"]
[Site "www.echecsemail.com"]
[Date "2018.10.08"]
[Round "1"]
[White "Apdash"]
[Black "Caspito"]
[WhiteElo "2260"]
[BlackElo "1850"]
[Result "1-0"]
[Round "1"]
1.e4 e5
2.Ng1f3 Ng8f6
3.Bf1c4 Nf6xe4
4.Qd1e2 d5
5.Bc4b3 Nb8c6
6.O-O Bc8g4
7.d3 Ne4c5
8.h3 Bg4h5
9.Nb1c3 Nc5xb3
10.axb3 Bf8b4
11.g4 Bh5g6
12.Nf3xe5 Qd8e7
13.Nc3xd5 Nc6xe5
14.Nd5xe7 { resign }
1-0

[Event "Match"]
[Site "www.echecsemail.com"]
[Date "2018.10.08"]
[Round "1"]
[White "Reda"]
[Black "Pablincho"]
[WhiteElo "1760"]
[BlackElo "1950"]
[Result "0-1"]
[Round "1"]
1.d4 e6
2.Bc1f4 d5
3.Nb1c3 Bf8d6
4.Bf4xd6 Qd8xd6
5.e3 a6
6.Ng1f3 Ng8f6
7.Bf1d3 O-O
8.O-O Nb8c6
9.Rf1e1 e5
10.dxe5 Nc6xe5
11.Nf3xe5 Qd6xe5
 { time }
0-1

[Event "Tourn. n9949"]
[Site "www.echecsemail.com"]
[Date "2018.10.08"]
[Round "1"]
[White "J1j6"]
[Black "Apdash"]
[WhiteElo "2070"]
[BlackElo "2160"]
[Result "0-1"]
[Round "1"]
1.d4 d5
2.Nb1c3 Ng8f6
3.Bc1f4 c6
4.Ng1f3 Nb8d7
5.e3 Nf6h5
6.Bf4g3 Nh5xg3
7.hxg3 h6
8.Bf1d3 Qd8c7
9.Qd1e2 e5
10.dxe5 Nd7xe5
11.Nf3xe5 Qc7xe5
12.f4 Qe5c7
13.O-O-O Bf8e7
14.Rh1h5 g6
 { time }
0-1

[Event "Tourn. n9870"]
[Site "www.echecsemail.com"]
[Date "2018.10.08"]
[Round "1"]
[White "Falcoale"]
[Black "Ditto"]
[WhiteElo "1870"]
[BlackElo "1900"]
[Result "0-1"]
[Round "1"]
1.e4 e5
2.Ng1f3 Nb8c6
3.Bf1c4 Ng8f6
4.d3 Bf8c5
5.Bc1g5 d6
6.Nb1c3 Bc8g4
7.O-O Nc6b8
8.Nc3a4 Bc5b4
9.c3 Bb4a5
10.b4 Ba5b6
11.Na4xb6 axb6
12.h3 Bg4d7
13.d4 O-O
14.Qd1c2 Bd7a4
15.Bc4b3 Ba4b5
16.Rf1d1 Nb8d7
17.c4 Bb5a6
18.b5 h6
19.Bg5xf6 Nd7xf6
20.bxa6 bxa6
21.dxe5 Nf6h5
22.exd6 cxd6
23.Nf3d4 Qd8g5
24.Nd4f3 Qg5d8
25.Rd1d4 Nh5f4
26.e5 Nf4e6
27.Rd4xd6 Qd8c7
28.Ra1d1 Qc7c5
29.Rd6d5 Qc5c8
30.Nf3h4 Qc8e8
31.g3 Qe8e7
32.Rd5d7 Qe7c5
33.Rd7d5 Qc5c7
34.Qc2e4 Ra8e8
35.Rd5d7 Qc7c5
36.Qe4g4 Ne6g5
37.Rd7d5 Qc5c6
38.Rd5d6 Qc6c5
39.Rd6d5 Qc5c6
40.Nh4f5 b5
41.cxb5 axb5
42.h4 Ng5e6
 { time }
0-1

[Event "Match"]
[Site "www.echecsemail.com"]
[Date "2018.10.08"]
[Round "1"]
[White "Gimmyg"]
[Black "Gidgud"]
[WhiteElo "2550"]
[BlackElo "2330"]
[Result "1-0"]
[Round "1"]
1.Nb1c3 e5
2.e4 Ng8f6
3.Ng1f3 Nb8c6
4.Bf1c4 Bf8e7
5.O-O O-O
6.d3 d6
7.a3 Bc8g4
8.h3 Bg4d7
9.Bc1e3 h6
10.b4 Qd8c8
11.Qd1d2 g5
12.h4 Nf6g4
13.hxg5 Ng4xe3
14.Qd2xe3 Nc6d4
15.Nf3xd4 Be7xg5
16.Qe3g3 Kh8
17.Nd4f3 Bg5f4
18.Qg3h4 Bd7g4
19.Nc3d5 Bg4xf3
20.Nd5xf4 { resign }
1-0

[Event "Tourn. n9890"]
[Site "www.echecsemail.com"]
[Date "2018.10.08"]
[Round "1"]
[White "Falcoale"]
[Black "Ditto"]
[WhiteElo "1920"]
[BlackElo "1860"]
[Result "0-1"]
[Round "1"]
1.e4 e5
2.Ng1f3 Nb8c6
3.b3 Bf8b4
4.Bc1b2 d6
5.c3 Bb4c5
6.a4 a6
7.d4 exd4
8.cxd4 Bc5a7
9.d5 Nc6e5
10.Nf3xe5 dxe5
11.Bb2xe5 Qd8e7
12.Be5xg7 Qe7xe4
13.Qd1e2 Qe4xe2
14.Bf1xe2 f6
15.Bg7xh8 Ba7d4
16.Ra1a2 Bc8f5
17.Nb1d2 O-O-O
18.O-O Rd8xd5
19.Be2f3 Rd5d6
20.Nd2e4 Ng8h6
21.Ne4xd6 cxd6
22.Rf1d1 Bd4e5
23.Bh8g7 Nh6f7
24.Bf3d5 Nf7d8
25.Rd1c1 Kb8
26.Bg7h6 Bf5g6
27.Bh6e3 Bg6e8
28.Be3b6 Nd8f7
29.Bd5xf7 Be8xf7
30.Ra2e2 Bf7xb3
 { time }
0-1

[Event "Tourn. n9970"]
[Site "www.echecsemail.com"]
[Date "2018.10.08"]
[Round "1"]
[White "Apdash"]
[Black "Fantomas"]
[WhiteElo "2230"]
[BlackElo "2120"]
[Result "0-1"]
[Round "1"]
1.e4 e5
2.Ng1f3 Ng8f6
3.Bf1c4 Nf6xe4
4.O-O d5
5.Bc4b3 f6
6.d4 c6
7.dxe5 fxe5
8.Nf3xe5 Qd8f6
9.Ne5d3 Bf8e7
10.Qd1e2 Kd8
11.c4 Bc8e6
12.f3 Ne4c5
13.cxd5 Nc5xb3
14.dxe6 Nb3d4
15.Qe2d1 Qf6xe6
16.Rf1e1 Qe6f6
17.Nd3f4 Nb8d7
18.Re1e4 Nd4b5
19.Nf4e6 Kc8
20.a4 Nb5c7
21.Ne6xc7 Kxc7
22.Bc1f4 Kc8
23.Nb1c3 Rh8d8
24.Qd1e2 Be7c5
25.Kh1 a5
26.Re4e6 Qf6xf4
27.Nc3e4 Bc5b4
28.Qe2c4 Ra8a6
29.Ne4c3 Qf4xc4
{ resign }
0-1

[Event "Tourn. n9951"]
[Site "www.echecsemail.com"]
[Date "2018.10.08"]
[Round "1"]
[White "J1j6"]
[Black "Bojan"]
[WhiteElo "2070"]
[BlackElo "1930"]
[Result "0-1"]
[Round "1"]
1.Ng1f3 g6
2.d4 Bf8g7
3.e4 d6
4.c4 c6
5.Nb1c3 Qd8b6
6.h3 Nb8d7
7.Ra1b1 c5
8.Nc3d5 Qb6c6
9.dxc5 Nd7xc5
10.Bc1g5 e6
11.Nd5e3 Nc5xe4
12.Bg5f4 Ng8f6
13.Nf3d4 Qc6b6
14.Nd4b3 Nf6h5
15.Bf4h2 Qb6b4
16.Nb3d2 Ne4xd2
17.Qd1xd2 Qb4xd2
18.Kxd2 Ke7
19.g4 Nh5f6
20.Bf1g2 a6
21.f4 Ra8a7
 { time }
0-1

[Event "Tourn. n9947"]
[Site "www.echecsemail.com"]
[Date "2018.10.08"]
[Round "1"]
[White "Estonia"]
[Black "J1j6"]
[WhiteElo "2030"]
[BlackElo "2050"]
[Result "1-0"]
[Round "1"]
1.e4 e5
2.f4 Bf8c5
3.Ng1f3 exf4
4.d4 Bc5b4
5.c3 Bb4a5
6.Bc1xf4 c6
7.b4 Ba5c7
8.Bf4xc7 Qd8xc7
9.Bf1c4 Ng8e7
10.Nb1d2 d5
11.Bc4e2 dxe4
12.Nd2xe4 Ne7d5
13.Qd1d2 Nd5f4
14.O-O Nf4xe2
15.Qd2xe2 O-O
16.Nf3e5 f6
17.Ne5d3 Nb8d7
18.Ne4c5 Nd7xc5
19.Nd3xc5 b6
20.Nc5e6 Qc7e7
21.Ra1e1 Bc8xe6
22.Qe2xe6 Qe7xe6
23.Re1xe6  { time }
1-0

[Event "Match"]
[Site "www.echecsemail.com"]
[Date "2018.10.08"]
[Round "1"]
[White "Ermejo69"]
[Black "Chapi"]
[WhiteElo "2200"]
[BlackElo "2070"]
[Result "1-0"]
[Round "1"]
1.d4 d5
2.c4 c6
3.Ng1f3 g6
4.Nb1c3 Bf8g7
5.Bc1f4 Ng8f6
6.e3 Bc8g4
7.Bf1e2 O-O
8.O-O Nf6d7
9.cxd5 cxd5
10.Nc3xd5 Nb8c6
11.Bf4c7 Qd8c8
12.Bc7g3 Qc8d8
13.Ra1c1 Ra8c8
14.h3 Bg4e6
15.Nd5f4 Be6xa2
16.Qd1a4 Ba2e6
17.Nf4xe6 fxe6
18.Be2c4 Kh8
19.Bc4xe6 Nd7b6
20.Qa4b3 Rc8a8
21.d5 Nc6a5
22.Qb3a2 Na5c4
23.Rc1xc4 Nb6xc4
24.Qa2xc4 a5
25.Nf3g5 Qd8e8
26.Ng5f7 Rf8xf7
27.d6 { resign }
1-0

[Event "Tourn. n9877"]
[Site "www.echecsemail.com"]
[Date "2018.10.08"]
[Round "1"]
[White "Falcoale"]
[Black "Scasan55"]
[WhiteElo "1890"]
[BlackElo "1870"]
[Result "0-1"]
[Round "1"]
1.e4 c5
2.Ng1f3 d6
3.d4 cxd4
4.Nf3xd4 Ng8f6
5.Nb1c3 a6
6.Bf1d3 Nb8c6
7.Nd4b3 e6
8.O-O Bf8e7
9.f4 O-O
10.a3 Qd8c7
11.Nc3e2 b5
12.Kh1 Qc7b6
13.Bc1d2 Nf6g4
14.Ne2d4 e5
15.Nd4xc6 Ng4f2
16.Rf1xf2 Qb6xc6
17.fxe5 dxe5
18.Nb3a5 Qc6b6
19.Rf2f1 Bc8e6
20.b4 Ra8c8
21.Rf1e1 Be7h4
22.Bd2e3 Qb6c7
23.Re1f1 Rf8d8
24.Ra1b1 Be6c4
25.Na5xc4 bxc4
26.Qd1h5 cxd3
27.cxd3 Rd8xd3
28.Be3c5 Bh4e7
29.Qh5xf7 Kh8
30.Qf7xe7 Qc7xe7
31.Bc5xe7 Rd3c3
32.a4 Rc3c4
33.Rf1f8 Rc8xf8
34.Be7xf8 Rc4xe4
35.g3 Kg8
36.Bf8c5 h6
37.Kg2 Kh7
38.Rb1d1 Kg6
39.Rd1d6 Kf5
40.Rd6xa6 g5
41.Ra6xh6 Kg4
42.a5 Re4e2
43.Kf1 Re2a2
 { time }
0-1

[Event "Match"]
[Site "www.echecsemail.com"]
[Date "2018.10.08"]
[Round "1"]
[White "J1j6"]
[Black "Bojan"]
[WhiteElo "2000"]
[BlackElo "1930"]
[Result "0-1"]
[Round "1"]
1.Ng1f3 g6
2.e4 d6
3.Bf1c4 h6
4.d4 e6
5.b4 d5
6.exd5 exd5
7.Bc4b3 Bf8xb4
8.c3 Qd8e7
9.Bc1e3 Bb4d6
10.Bb3xd5 Ng8f6
11.Qd1b3 c6
12.Bd5c4 O-O
13.O-O h5
14.Nf3g5 Nf6g4
15.Ng5f3 Ng4xe3
16.fxe3 b5
17.Bc4d3 Qe7xe3
18.Rf1f2 Qe3xd3
19.Nb1d2 Bc8e6
20.Qb3d1 Qd3xc3
21.Ra1c1 Qc3e3
22.Nd2f1 Qe3h6
23.Nf3e5 Be6d5
24.Ne5f3 Nb8a6
25.Rc1c3 Ra8e8
26.h4 f6
27.Nf1d2 Na6c7
28.Qd1f1 Bd6b4
29.Rc3d3 a5
30.a3 Bb4d6
31.Qf1b1 Re8e6
32.Qb1f1 Rf8e8
 { time }
0-1

[Event "Match"]
[Site "www.echecsemail.com"]
[Date "2018.10.08"]
[Round "1"]
[White "Pinehill"]
[Black "J1j6"]
[WhiteElo "2080"]
[BlackElo "1950"]
[Result "1-0"]
[Round "1"]
1.e4 g6
2.Ng1f3 Bf8g7
3.d4 d5
4.e5 c5
5.c3 c4
6.g3 f6
7.exf6 Ng8xf6
8.Bf1g2 O-O
9.O-O Nf6e4
10.Qd1c2 Bc8f5
11.Qc2d1 Nb8c6
12.Rf1e1 e6
13.Nb1d2 Ne4xd2
14.Bc1xd2 b5
15.Nf3h4 Nc6e7
16.a4 bxa4
17.Qd1xa4 Bg7f6
18.Nh4xf5 exf5
19.Bd2f4 g5
20.Bf4e5 Bf6xe5
21.Re1xe5 Rf8f6
22.Ra1e1 Ne7c6
23.Re5e8 Qd8xe8
24.Re1xe8 Ra8xe8
25.Bg2xd5 Kg7
26.Bd5xc6 Re8e1
27.Kg2 g4
28.Qa4xa7 Kg6
29.Bc6b5 Re1e2
30.Bb5xc4 Re2xb2
31.Bc4g8  { time }
1-0

[Event "Tourn. n9925"]
[Site "www.echecsemail.com"]
[Date "2018.10.08"]
[Round "1"]
[White "Iko"]
[Black "J1j6"]
[WhiteElo "1690"]
[BlackElo "1860"]
[Result "1-0"]
[Round "1"]
1.e4 e5
2.Ng1f3 Nb8c6
3.d4 exd4
4.Nf3xd4 Nc6xd4
5.Qd1xd4 Qd8e7
6.Bf1e2 c5
7.Qd4c3 Qe7xe4
8.Rh1g1 d5
9.Qc3b3 Bc8g4
10.Nb1c3 Qe4e7
11.Qb3xd5 Ra8d8
12.Qd5c4 Bg4xe2
13.Qc4xe2 Ng8f6
14.Bc1d2 Nf6g4
15.h3 Ng4e5
16.O-O-O Qe7e6
17.Bd2f4 f6
18.Rd1xd8 Kxd8
19.Qe2d2 Ke7
20.Rg1d1 Kf7
21.Bf4xe5 fxe5
22.Qd2d8 Qe6e8
23.Rd1d7 Bf8e7
24.Rd7xe7 Qe8xe7
25.Qd8xh8 Qe7g5
26.Kd1 Qg5xg2
27.Qh8xh7 Qg2f1
28.Kd2 Qf1xf2
29.Nc3e2 Qf2f6
30.Qh7h5 g6
31.Qh5h7 Ke6
32.Qh7xb7 Qf6d8
33.Ke1 Qd8a5
34.c3 Qa5xa2
35.b4 Qa2b1
36.Kf2 Qb1f5
37.Qb7f3 cxb4
38.Qf3xf5 Kxf5
39.cxb4 g5
40.Ke3 Ke6
41.Kf3 Kf5
42.Ne2g3 Kf6
43.Kg4 Kg6
44.b5 Kf6
45.Ng3e4 Kg6
46.Ne4xg5 Kf6
47.h4 Kg6
48.h5 Kh6
49.Ng5e4  { time }
1-0

[Event "Tourn. n9928"]
[Site "www.echecsemail.com"]
[Date "2018.10.08"]
[Round "1"]
[White "Gilliere"]
[Black "Andychesston"]
[WhiteElo "2040"]
[BlackElo "2060"]
[Result "1-0"]
[Round "1"]
1.e4 e5
2.Ng1f3 Nb8c6
3.Bf1b5 d6
4.h3 a6
5.Bb5xc6 bxc6
6.d3 Ra8b8
7.Nb1c3 Bf8e7
8.O-O Ng8f6
9.Ra1b1 O-O
10.Bc1g5 Kh8
11.Bg5xf6 Be7xf6
12.Nc3e2 g5
13.Nf3h2 Rf8g8
14.Ne2c3 Rg8g7
15.Nh2g4 Rg7g6
16.Ng4xf6 Qd8xf6
17.f3 Bc8xh3
18.gxh3 Rg6h6
19.Kg2 Qf6f4
20.Rf1h1 Rb8g8
21.Nc3e2 Qf4h4
22.Qd1e1 Qh4h5
23.Ne2g3 Qh5g6
24.Ng3f5 g4
25.fxg4 Qg6g5
26.Nf5xh6 Qg5xh6
27.Qe1e2 Qh6g7
28.Rb1f1 h5
29.Rf1f5 Qg7g6
30.Qe2f3 h4
31.Rf5xf7 Rg8g7
32.Rf7xg7 Kxg7
33.Rh1f1 Qg6g5
34.Qf3f7 Kh8
35.Qf7f6 Qg5xf6
36.Rf1xf6 Kg7
37.g5 c5
38.Rf6h6 a5
39.Rh6xh4 c6
40.Rh4h6 d5
41.Rh6xc6 { resign }
1-0

[Event "Tourn. n9933"]
[Site "www.echecsemail.com"]
[Date "2018.10.08"]
[Round "1"]
[White "J1j6"]
[Black "Ff333"]
[WhiteElo "2010"]
[BlackElo "2120"]
[Result "0-1"]
[Round "1"]
1.d4 d5
2.c4 e6
3.Nb1c3 Bf8b4
4.cxd5 Qd8xd5
5.Qd1a4 Nb8c6
6.Qa4xb4 Nc6xb4
7.Nc3xd5 exd5
8.Kd1 Bc8f5
9.a3 Nb4c2
10.Ra1a2 Nc2xd4
11.e3 Nd4b3
12.Ng1f3 Bf5b1
13.Bf1b5 c6
14.Bb5e2 f6
15.Bc1d2 Bb1xa2
16.Kc2 Nb3c5
17.Bd2b4 Nc5e4
18.b3 c5
19.Be2b5 Kf7
20.Bb4e1 a6
21.Bb5d7 c4
22.bxc4 Ba2xc4
23.Nf3d4 Ng8h6
24.Bd7e6 Ke7
25.f3 Ne4c5
26.Be1b4 b6
 { time }
0-1

[Event "Tourn. n9890"]
[Site "www.echecsemail.com"]
[Date "2018.10.09"]
[Round "1"]
[White "Kevinking"]
[Black "Luban"]
[WhiteElo "1960"]
[BlackElo "2040"]
[Result "0-1"]
[Round "1"]
1.c4 e6
2.e3 d5
3.d4 c5
4.Ng1f3 Ng8f6
5.Nb1c3 Nb8c6
6.cxd5 exd5
7.Bf1d3 h6
8.a3 Bf8e7
9.dxc5 Be7xc5
10.b4 Bc5d6
11.O-O O-O
12.h3 Bc8e6
13.Bc1b2 Ra8c8
14.Ra1c1 Rf8e8
15.Bd3b1 Nc6e5
16.Nf3xe5 Bd6xe5
17.Nc3a4 Be5xb2
18.Na4xb2 Rc8xc1
19.Qd1xc1 Qd8d7
20.Kh2 Re8c8
21.Qc1d1 Rc8c3
22.a4 Qd7d6
23.Kg1 Qd6xb4
24.Qd1d2 Rc3b3
25.Qd2xb4 Rb3xb4
26.Nb2d3 Rb4xa4
27.Nd3c5 Ra4b4
28.Nc5xe6 fxe6
29.Bb1g6 Kf8
30.Rf1a1 a6
31.Kh2 Ke7
32.Kg3 Rb4b2
33.f3 Kd6
34.Ra1c1 a5
35.Rc1a1 b6
36.Ra1c1 a4
37.Rc1c8 a3
38.Rc8a8 a2
39.h4 b5
{ resign }
0-1

[Event "Tourn. n9858"]
[Site "www.echecsemail.com"]
[Date "2018.10.09"]
[Round "1"]
[White "Tartan"]
[Black "Cathar"]
[WhiteElo "2510"]
[BlackElo "2269"]
[Result "1-0"]
[Round "1"]
1.d4 f5
2.g3 Ng8f6
3.Bf1g2 g6
4.Ng1f3 Bf8g7
5.O-O O-O
6.Nb1d2 Nb8c6
7.c3 d5
8.Nd2b3 Nf6e4
9.Bc1f4 e6
10.Nf3e5 Nc6xe5
11.Bf4xe5 Bg7xe5
12.dxe5 b6
13.f3 Ne4g5
14.Qd1d3 a5
15.f4 Ng5e4
16.Qd3c2 c5
17.c4 Ra8a7
18.cxd5 exd5
19.Nb3d2 Bc8e6
20.Ra1d1 Ra7d7
21.e3 Qd8c8
22.Nd2xe4 fxe4
23.Rd1c1 Be6f5
24.Qc2a4 Qc8d8
25.Rf1d1 d4
26.Qa4b3 Kg7
27.h3 h5
28.exd4 cxd4
29.Rc1c6 e3
30.e6 e2
31.exd7 Qd8xd7
32.Rd1a1 d3
33.Qb3c3 Kg8
34.Rc6c7 Qd7xc7
35.Qc3xc7 Rf8c8
36.Bg2d5 Kh8
37.Qc7e5 Kh7
38.Qe5e7 Kh6
39.g4 hxg4
40.hxg4 { resign }
1-0

[Event "Match"]
[Site "www.echecsemail.com"]
[Date "2018.10.09"]
[Round "1"]
[White "Babedad"]
[Black "Lcbunghai"]
[WhiteElo "2210"]
[BlackElo "2170"]
[Result "1-0"]
[Round "1"]
1.Ng1f3 Ng8f6
2.g3 g6
3.Bf1g2 Bf8g7
4.O-O O-O
5.d3 d5
6.Nb1d2 c5
7.Rf1e1 Nb8c6
8.e4 dxe4
9.dxe4 e5
10.c3 Bc8e6
11.Qd1e2 Nf6d7
12.Nd2f1 f6
13.h4 a6
14.Bc1e3 b5
15.Re1d1 Qd8e7
16.Nf3h2 Ra8c8
17.Nh2g4 Be6xg4
18.Qe2xg4 Nd7b8
19.Bg2h3 f5
20.exf5 gxf5
21.Qg4h5  { time }
1-0

[Event "Tourn. n9948"]
[Site "www.echecsemail.com"]
[Date "2018.10.09"]
[Round "1"]
[White "Roque1"]
[Black "Drill64"]
[WhiteElo "1810"]
[BlackElo "1799"]
[Result "0-1"]
[Round "1"]
1.e4 c5
2.Ng1f3 Nb8c6
3.Bf1b5 Qd8c7
4.d3 Nc6d4
5.Bc1e3 Nd4xb5
6.Nb1d2 Qc7d8
7.Be3xc5 d6
8.Bc5e3 Ng8f6
9.O-O g6
10.c4 Nb5c7
11.d4 Bf8g7
12.e5 dxe5
13.Nf3xe5 O-O
14.Nd2f3 Nf6g4
15.Qd1d3 Ng4xe5
16.Nf3xe5 Bg7xe5
17.Be3g5 Be5xd4
18.Ra1e1 Bd4xf2
19.Rf1xf2 Qd8xd3
20.Re1xe7 Nc7e6
21.Bg5h6 Ne6g7
22.Rf2e2 Bc8g4
23.Re2e1 Rf8e8
24.Bh6xg7 Re8xe7
25.Re1xe7 Kxg7
26.Kf2 Qd3d2
27.Kg3 Qd2d6
28.Kxg4 Qd6xe7
29.b4 Qe7e4
30.Kh3 Ra8d8
31.a4 Rd8d3
32.g3 Qe4f5
33.Kg2 Rd3d2
34.Kg1 Qf5b1

0-1

[Event "Tourn. n9900"]
[Site "www.echecsemail.com"]
[Date "2018.10.09"]
[Round "1"]
[White "Jackbauer"]
[Black "Roque1"]
[WhiteElo "1780"]
[BlackElo "1730"]
[Result "0-1"]
[Round "1"]
1.e4 c5
2.f4 e6
3.Ng1f3 Nb8c6
4.c4 Qd8a5
5.Bf1e2 Bf8e7
6.O-O Ng8f6
7.Nb1c3 O-O
8.Kh1 d6
9.b3 Bc8d7
10.Be2d3 Nc6b4
11.Nf3e1 Nb4xd3
12.Ne1xd3 Bd7c6
13.Rf1e1 Rf8d8
14.Nd3f2 d5
15.e5 Nf6d7
16.Qd1e2 b5
17.Bc1b2 dxc4
18.Nf2g4 Nd7b6
19.a3 cxb3
20.Re1f1 b4
21.axb4 Qa5xb4
22.Bb2a3 Qb4d4
23.Ra1d1 Nb6c4
24.Ba3c1 b2
25.Bc1xb2 Nc4xb2
26.Rd1b1 Nb2d3
27.Ng4f6 Be7xf6
28.exf6 Nd3xf4
29.Qe2f2 Bc6xg2
30.Qf2xg2 Nf4xg2
31.fxg7 Qd4xd2
32.Nc3e4 Qd2e2
33.Ne4g3 Qe2d2
34.Ng3e4 Qd2c2
35.Ne4f6 Kxg7
36.Nf6h5 Kf8
37.Rb1b7 Qc2g6
38.Nh5g3 Rd8d2
39.Rf1g1 Ra8d8
{ resign }
0-1

[Event "Match"]
[Site "www.echecsemail.com"]
[Date "2018.10.09"]
[Round "1"]
[White "Bojan"]
[Black "Mitja"]
[WhiteElo "1940"]
[BlackElo "1960"]
[Result "1-0"]
[Round "1"]
1.e4 d5
2.exd5 Qd8xd5
3.d4 Qd5e4
4.Ng1e2 g6
5.f3 Qe4h4
6.g3 Qh4f6
7.Bf1g2 Bf8g7
8.c3 e6
9.Nb1d2 Qf6e7
10.Nd2e4 Ng8f6
11.Bc1g5 Nb8d7
12.Ne4xf6 Nd7xf6
13.Qd1d2 O-O
14.Qd2c2 Qe7d6
15.Bg5f4 Qd6d7
16.h4 Nf6h5
17.Bf4e3 Qd7d6
18.Be3f2 Nh5f6
19.g4 Bc8d7
20.Bf2g3 Qd6e7
21.Bg3xc7 Bd7c6
22.Bc7g3 Nf6xg4
23.h5 Ng4e3
24.Qc2d3 Ne3xg2
25.Kf2 Ng2f4
26.Bg3xf4 g5
27.Bf4e3 h6
28.Rh1h3 Qe7f6
29.Ra1g1 Ra8d8
30.Rh3g3 e5
31.Qd3d2 exd4
32.Ne2xd4 Rf8e8
33.Qd2c1 Bc6d5
34.b3 a6
35.Be3xg5 hxg5
36.Rg3xg5 Kf8
37.Rg1g3 Bg7h6
38.Qc1a3 Rd8d6
39.Rg5xd5 Re8d8
40.Qa3c5 Bh6g7
41.Nd4f5 b6
42.Qc5a3 Qf6xc3
43.Rd5xd6 { resign }
1-0

[Event "Match"]
[Site "www.echecsemail.com"]
[Date "2018.10.09"]
[Round "1"]
[White "Stevep84"]
[Black "Libiesse"]
[WhiteElo "2270"]
[BlackElo "1900"]
[Result "1-0"]
[Round "1"]
1.e4 c5
2.Ng1f3 e6
3.d4 cxd4
4.Nf3xd4 a6
5.Bf1d3 Bf8c5
6.Nd4b3 Bc5e7
7.Qd1g4 g6
8.Qg4e2 Nb8c6
9.O-O d6
10.Nb1c3 b5
11.a4 b4
12.Nc3d1 Ng8f6
13.Bc1e3 d5
14.Be3c5 Be7xc5
15.Nb3xc5 Qd8b6
16.Qe2f3 Nf6d7
17.Nc5xd7 Bc8xd7
18.exd5 exd5
19.Rf1e1 Kf8
20.Qf3xd5 Bd7e6
21.Re1xe6 fxe6
22.Qd5xe6 Ra8e8
23.Qe6f6 Kg8
24.Bd3c4 { resign }
1-0

[Event "Match"]
[Site "www.echecsemail.com"]
[Date "2018.10.09"]
[Round "1"]
[White "Geodad5"]
[Black "Ermejo69"]
[WhiteElo "2140"]
[BlackElo "2200"]
[Result "0-1"]
[Round "1"]
1.e4 c5
2.Ng1f3 d6
3.d4 cxd4
4.Nf3xd4 Ng8f6
5.Nb1c3 a6
6.Bf1d3 e5
7.Nd4b3 Bc8e6
8.h3 Nb8c6
9.a3 Bf8e7
10.Bc1e3 d5
11.exd5 Nf6xd5
12.Nc3xd5 Qd8xd5
13.O-O e4
14.Bd3e2 Qd5e5
15.Ra1b1 Ra8d8
16.Qd1e1 Be7d6
17.f4 exf3
18.Rf1xf3 Qe5h2
19.Kf1 O-O
20.Be3g1 Qh2h1
21.Qe1f2 Bd6b8
22.Nb3c5 Bb8a7
23.b4 Nc6d4
24.Rf3c3 Nd4xe2
25.Kxe2 Rf8e8
26.Kf1 Be6d5
27.Rc3g3 Bd5c4
{ resign }
0-1

[Event "Tourn. n9948"]
[Site "www.echecsemail.com"]
[Date "2018.10.09"]
[Round "1"]
[White "Cal"]
[Black "Roque1"]
[WhiteElo "1710"]
[BlackElo "1810"]
[Result "0-1"]
[Round "1"]
1.c4 e6
2.d4 Nb8c6
3.Ng1f3 g6
4.a3 Bf8g7
5.Bc1g5 Ng8f6
6.Nb1c3 O-O
7.h3 b6
8.b4 Bc8b7
9.e4 Qd8e8
10.Bf1d3 Ra8d8
11.O-O d5
12.cxd5 exd5
13.e5 Nf6d7
14.Bg5xd8 Nc6xd8
15.Nf3g5 Nd7xe5
16.dxe5 Qe8xe5
17.Ng5f3 Qe5xc3
18.Ra1c1 Qc3xa3
19.Qd1d2 Nd8e6
20.Rf1e1 c5
21.bxc5 bxc5
22.Re1e3 d4
23.Re3e2 Bb7xf3
24.gxf3 Rf8b8
25.Bd3c4 Rb8b2
26.Rc1c2 Rb2xc2
27.Qd2xc2 Ne6f4
28.Re2e8 Bg7f8
29.Kh2 Qa3xf3
30.Bc4f1 d3
31.Qc2d2 Kg7
32.Qd2c3 f6
33.Re8e3 Qf3xf2
34.Kh1 Qf2xf1
35.Kh2 Qf1g2

0-1

[Event "Match"]
[Site "www.echecsemail.com"]
[Date "2018.10.09"]
[Round "1"]
[White "Apdash"]
[Black "Ermejo69"]
[WhiteElo "2190"]
[BlackElo "2200"]
[Result "0-1"]
[Round "1"]
1.e4 c5
2.Ng1f3 d6
3.d4 cxd4
4.Nf3xd4 Ng8f6
5.Nb1c3 a6
6.a4 Nb8c6
7.Nd4xc6 bxc6
8.Bf1c4 e6
9.Bc1g5 h6
10.Bg5h4 Bf8e7
11.O-O O-O
12.Qd1e2 Nf6xe4
13.Bh4xe7 Ne4xc3
14.Be7xd8 Nc3xe2
15.Bc4xe2 Rf8xd8
16.Rf1d1 a5
17.b3 e5
18.f3 Bc8e6
19.Rd1d2 f5
20.Kf2 Kf7
21.Ra1d1 d5
22.g3 g5
23.c4 Kf6
24.cxd5 cxd5
25.Be2c4 Rd8d7
26.Ke2 Ra8d8
27.Bc4b5 Rd7d6
28.Rd1b1 e4
29.b4 axb4
30.Rb1xb4 d4
31.fxe4 fxe4
32.Bb5c4 Be6g4
33.Ke1 e3
34.Rd2d3 Bg4f5
35.Rd3a3 d3
36.Bc4xd3 Rd6xd3
37.Rb4b6 Kg7
38.Ra3xd3 Bf5xd3
39.a5 Rd8f8
40.Rb6b7 Kg8
{ resign }
0-1

[Event "Match"]
[Site "www.echecsemail.com"]
[Date "2018.10.09"]
[Round "1"]
[White "Guidom"]
[Black "Apdash"]
[WhiteElo "2160"]
[BlackElo "2270"]
[Result "0-1"]
[Round "1"]
1.e4 c5
2.Ng1f3 d6
3.d4 cxd4
4.Nf3xd4 Nb8c6
5.c3 a6
6.Bf1d3 g6
7.O-O Bf8g7
8.Bc1e3 Ng8f6
9.Nb1d2 O-O
10.h3 e5
11.Nd4e2 d5
12.Qd1c2 Bc8e6
13.exd5 Nf6xd5
14.Be3c5 Rf8e8
15.Nd2e4 b6
16.Bc5a3 Bg7f8
17.Ba3xf8 Re8xf8
18.Ra1d1 f5
19.Ne4d2 b5
20.Ne2g3 Ra8c8
21.Qc2b1 Nd5f4
22.Bd3c2 Qd8h4
23.Nd2f3 Nf4xh3
24.gxh3 Qh4e7
25.Kh2 e4
26.Nf3d4 Nc6xd4
27.Rd1xd4 Qe7h4
28.f4 Be6c4
29.Rf1f2 g5
30.fxg5 Qh4xg5
31.Ng3xe4 Qg5e3
32.Rf2g2 Kh8
33.Ne4g3 f4
34.Ng3f1 Qe3e5
35.Rd4e4 Qe5c7
36.Re4xc4 bxc4
37.Kh1 f3
38.Rg2f2 Rc8e8
39.Qb1d1 Qc7f4
40.Qd1d7 Qf4h6
41.Bc2f5 Re8e5
42.Rf2xf3 Re5xf5
43.Qd7d4 Qh6g7
44.Rf3xf5 Rf8xf5
45.Qd4xg7 Kxg7
46.Kg2 Rf5b5
{ resign }
0-1

[Event "Tourn. n9934"]
[Site "www.echecsemail.com"]
[Date "2018.10.09"]
[Round "1"]
[White "Piriot"]
[Black "Foxy100"]
[WhiteElo "2370"]
[BlackElo "2320"]
[Result "0-1"]
[Round "1"]
1.Ng1f3 Ng8f6
2.c4 e6
3.Nb1c3 c5
4.g3 Nb8c6
5.Bf1g2 d5
6.cxd5 Nf6xd5
7.O-O Nd5f6
8.d3 Bf8e7
9.Bc1g5 O-O
10.Nf3d2 Nf6d5
11.Bg5xe7 Nc6xe7
12.Ra1c1 b6
13.d4 cxd4
14.Nc3b5 e5
15.Nd2c4 a6
16.Nb5a3 f6
17.e4 dxe3
18.Nc4xe3 Nd5xe3
19.fxe3 Qd8xd1
20.Rf1xd1 Ra8a7
21.Na3c4 b5
22.Nc4a5 { time. }
0-1